Detalles MARC
| 000 -CABECERA |
| campo de control de longitud fija |
01038cam a2200253 a 4500 |
| 001 - NÚMERO DE CONTROL |
| campo de control |
000017566 |
| 005 - FECHA Y HORA DE LA ÚLTIMA TRANSACCIÓN |
| campo de control |
20200929165144.0 |
| 008 - DATOS DE LONGITUD FIJA--INFORMACIÓN GENERAL |
| campo de control de longitud fija |
730404s1964 ve 000 j spa d |
| 035 ## - NÚMERO DE CONTROL DEL SISTEMA |
| Número de control de sistema |
(DLC) 70454768 |
| 035 ## - NÚMERO DE CONTROL DEL SISTEMA |
| Número de control de sistema |
(OCoLC)597494 |
| 040 ## - FUENTE DE LA CATALOGACIÓN |
| Centro catalogador/agencia de origen |
DO-SdBNP |
| Lengua de catalogación |
spa |
| Centro/agencia transcriptor |
OAU |
| Centro/agencia modificador |
OCoLC |
| -- |
PPiU |
| -- |
DLC |
| -- |
BNPHU |
| 082 ## - NÚMERO DE LA CLASIFICACIÓN DECIMAL DEWEY |
| Número de clasificación |
V863 |
| Número de documento/Ítem |
A728t |
| 049 ## - FONDOS LOCALES (OCLC) |
| Fondos de biblioteca |
BNGR |
| 100 1# - ENTRADA PRINCIPAL--NOMBRE DE PERSONA |
| Nombre de persona |
Armellada, Cesáreo de, |
| Forma completa/desarrollada del nombre |
(Fray Cesáreo de Armellada), |
| Fechas asociadas al nombre |
1908-1996. |
| 9 (RLIN) |
38328 |
| 245 10 - MENCIÓN DE TÍTULO |
| Título |
Tauron panton; : |
| Resto del título |
cuentos y leyendas de los indios pemón, Gran Sabana, Estado Bolívar, Venezuela / |
| Mención de responsabilidad, etc. |
Cesáreo de Armellada. |
| 260 ## - PUBLICACIÓN, DISTRIBUCIÓN, ETC. |
| Lugar de publicación, distribución, etc. |
Caracas : |
| Nombre del editor, distribuidor, etc. |
Ediciones del Ministerio de Educación ; |
| -- |
Dirección de Cultura y Bellas Artes ; |
| -- |
Departamento de Publicaciones, |
| Fecha de publicación, distribución, etc. |
1964. |
| 300 ## - DESCRIPCIÓN FÍSICA |
| Extensión |
274 p, ; |
| Dimensiones |
22 cm. |
| 490 1# - MENCIÓN DE SERIE |
| Mención de serie |
Biblioteca venezolana de cultura |
| 650 #4 - PUNTO DE ACCESO ADICIONAL DE MATERIA--TÉRMINO DE MATERIA |
| Término de materia o nombre geográfico como elemento de entrada |
Cuentos venezolanos |
| 9 (RLIN) |
3815 |
| 650 #4 - PUNTO DE ACCESO ADICIONAL DE MATERIA--TÉRMINO DE MATERIA |
| Término de materia o nombre geográfico como elemento de entrada |
Indigenas de américa del sur |
| Subdivisión general |
Leyenda |
| 9 (RLIN) |
38329 |
| 650 #4 - PUNTO DE ACCESO ADICIONAL DE MATERIA--TÉRMINO DE MATERIA |
| Término de materia o nombre geográfico como elemento de entrada |
Literatura venezolana |
| 9 (RLIN) |
3816 |
| 830 #0 - PUNTO DE ACCESO ADICIONAL DE SERIE-TÍTULO UNIFORME |
| Título uniforme |
Biblioteca venezolana de cultura. |
| 9 (RLIN) |
8075 |
| 910 ## - DATOS DE OPCIÓN DEL USUARIO (OCLC) |
| Datos de opción del usuario |
Catalogación por copia / LC |